Laurent Ruquier... ou Laurent Wauquiez ? - Statistiques

Statistiques générales
  • Ce quiz a été pris 71 fois
  • Le résultat moyen est 7 sur 10
Statistiques - réponses
Question Réponse % Correct
Est animateur de radio Laurent Ruquier
98%
A été ministre Laurent Wauquiez
98%
Est né en premier Laurent Ruquier
89%
Est né à Lyon Laurent Wauquiez
86%
Porte la barbe Les deux
71%
A Timothée comme deuxième prénom Laurent Wauquiez
61%
A écrit 20 livres Laurent Ruquier
50%
Est le cousin de l'humoriste Thomas VDB Laurent Wauquiez
44%
Est catholique Laurent Wauquiez
42%
A été surveillant dans un lycée Laurent Ruquier
33%
Aucun quiz correspondant
Distribution des résultats
% des personnes avec chaque résultat
Percentile par nombre de réponses
Votre historique - résultats
Vous n’avez pas pris ce quiz